MARC details
| 000 -CABECERA |
| campo de control de longitud fija |
01260ncm a22003134i 4500 |
| 001 - NÚMERO DE CONTROL |
| campo de control |
991061194811206706 |
| 003 - IDENTIFICADOR DEL NÚMERO DE CONTROL |
| campo de control |
ES-BaIT |
| 005 - FECHA Y HORA DE LA ÚLTIMA TRANSACCIÓN |
| campo de control |
20241024130429.0 |
| 008 - DATOS DE LONGITUD FIJA--INFORMACIÓN GENERAL |
| campo de control de longitud fija |
241016s2024 sp ||d spa c |
| 017 ## - NÚMERO DE COPYRIGHT O DE DEPÓSITO LEGAL |
| Número de copyright o de depósito legal |
DL M-3671-2017 |
| Agencia que asigna |
Oficina DL Madrid |
| 024 2# - IDENTIFICADOR DE OTROS ESTÁNDARES |
| Número estándar o código |
5020679594520 |
| 028 02 - NÚMERO DE EDITOR O DISTRIBUIDOR |
| Número de editor o de distribuidor |
UMV100199 |
| Fuente |
Unión Musical Ediciones |
| 040 ## - FUENTE DE LA CATALOGACIÓN |
| Centro catalogador/agencia de origen |
ES-BaIT |
| Lengua de catalogación |
cat |
| Normas de descripción |
rda |
| Centro/agencia transcriptor |
ES-BaIT |
| 080 ## - NÚMERO DE LA CLASIFICACIÓN DECIMAL UNIVERSAL |
| Número de la Clasificación Decimal Universal |
782.6(460).089 |
| 100 1# - ENTRADA PRINCIPAL--NOMBRE DE PERSONA |
| Nombre de persona |
Lleó i Balbastre, Vicent, |
| Fechas asociadas al nombre |
1870-1922 |
| Término indicativo de función/relación |
compositor |
| 9 (RLIN) |
29639 |
| 245 13 - MENCIÓN DE TÍTULO |
| Título |
La Corte de faraón : |
| Resto del título |
opereta bíblica en un acto dividido en cinco cuadros / |
| Mención de responsabilidad, etc. |
letra de los señores Guillermo Perrín y Miguel de Palacios ; música del maestro Vicente Lleó |
| 264 #1 - PRODUCCIÓN, PUBLICACIÓN, DISTRIBUCIÓN, FABRICACIÓN Y COPYRIGHT |
| Producción, publicación, distribución, fabricación y copyright |
[Madrid] : |
| Nombre del de productor, editor, distribuidor, fabricante |
Unión Musical Ediciones, |
| Fecha de producción, publicación, distribución, fabricación o copyright |
[2024?] |
| 300 ## - DESCRIPCIÓN FÍSICA |
| Extensión |
1 partitura (78 pàgines) ; |
| Dimensiones |
30 cm |
| 336 ## - TIPO DE CONTENIDO |
| Término de tipo de contenido |
música notada |
| Código de tipo de contenido |
ntm |
| Fuente |
rdacontent |
| 337 ## - TIPO DE MEDIO |
| Nombre/término del tipo de medio |
sense mediació |
| Código del tipo de medio |
n |
| Fuente |
rdamedia |
| 338 ## - TIPO DE SOPORTE |
| Nombre/término del tipo de soporte |
volum |
| Código del tipo de soporte |
nc |
| Fuente |
rdacarrier |
| 500 ## - NOTA GENERAL |
| Nota general |
Edició facsímil de: Madrid : Ildefonso Alier, [entre 1900 i 1920] |
| 650 #0 - PUNTO DE ACCESO ADICIONAL DE MATERIA--TÉRMINO DE MATERIA |
| Término de materia o nombre geográfico como elemento de entrada |
Sarsueles |
| Subdivisión de forma |
Reduccions per a cant i piano |
| Fuente del encabezamiento o término |
lemac |
| 9 (RLIN) |
86284 |
| 700 1# - ENTRADA AGREGADA--NOMBRE PERSONAL |
| Nombre de persona |
Perrín, Guillermo, |
| Fechas asociadas al nombre |
1857-1923 |
| Término indicativo de función/relación |
lletrista |
| 9 (RLIN) |
38705 |
| 700 1# - ENTRADA AGREGADA--NOMBRE PERSONAL |
| Nombre de persona |
Palacios, Miguel de, |
| Fechas asociadas al nombre |
1863-1920 |
| Término indicativo de función/relación |
lletrista |
| 9 (RLIN) |
37589 |
| 908 ## - COLOCAR PARÁMETRO DE COMANDO (RLIN) |
| Colocar parámetro de comando |
CDMAE |
| 940 ## - EQUIVALENCIA O REFERENCIA-CRUZADA--TÍTULO UNIFORME [OBSOLETO] [solamente CAN/MARC] |
| Título uniforme |
<a href="CVA38">CVA38</a> |
| 942 ## - ELEMENTOS DE ENTRADA AGREGADA (KOHA) |
| Fuente del sistema de clasificación o colocación |
Clasificación decimal universal |
| Tipo de ítem Koha |
Partitura |